000 01302nam a2200289Ia 4500
001 u24205
003 SIRSI
005 20180219123830.0
007 he|amb|||bacu
008 000806s1991 ua a bb 000 0 eng d
039 9 _a200306181204
_bhala
_c200301131320
_dsaid
_y200203190952
_zload
040 _aEAL
090 _aThesis
_bS-1499
100 1 _aAshoush, Hassan Abd El-Latif Hassan.
245 1 0 _aDegradation and distribution pattern of certain pesticides on some crops under local conditions to minimize the pollution with pesticides in enviroment
_h[microform] /
_cby Hassan Abd El-Latif Hassan Ashoush.
246 _aهدم وتوزيع بعض المبيدات على بعض المحاصيل تحت الظروف المحلية للحد من التلوث بالمبيدات فى البئية.
260 _c1991.
300 _a91, 3 leaves :
_bill. ;
_c30 cm.
502 _aThesis (M.S.)--Ain Shams University, 1991.
504 _aIncludes bibliographical references (leaves 78-91).
533 _aMicrofiche.
_bASUNET,
_cAin Shams University,
_e2 microfiches : negative.
546 _aSummary in Arabic.
596 _a1
650 0 _aPesticides
_xEnvironmental aspects.
942 _cMIC
_2lcc
999 _c4693
_d4693